Vizualizácia sieťovej premávky v softvérovo definovaných sieťach

Guardado en:
Detalles Bibliográficos
Autor principal: Gábriš, Daniel (Autor)
Otros Autores: Grežo, Rudolf (Orientador)
Formato: Manuscrito Libro
Lenguaje:eslovaco
Publicado: 2018
Materias:
Acceso en línea:http://is.stuba.sk/zp/portal_zp.pl?podrobnosti=131659
Etiquetas: Agregar Etiqueta
Sin Etiquetas, Sea el primero en etiquetar este registro!

MARC

LEADER 00000ntm a22000003a 4500
001 stuzp70363
003 SK-STU
005 20180623211840.2
007 ta
008 150427s2015----xo-----f-mn---000-0-slo-d
040 |a STU  |b slo 
041 0 |a slo 
100 1 |a Gábriš, Daniel  |u 070400  |4 aut  |U FIIT Fakulta informatiky a informačných technológií  |T FIIT Ústav počítačového inžinierstva a aplikovanej informatiky  |X 79524  |U I400  |Y 672  |7 79524 
242 0 1 |a Visualization of Network Traffic in Software-Defined Network  |y eng 
245 1 0 |a Vizualizácia sieťovej premávky v softvérovo definovaných sieťach 
260 |c 2018 
650 4 |a softvérovo definovaná sieť  |2 slo 
650 4 |a vizualizácia sieťovej premávky  |2 slo 
650 4 |a simulácia sieťovej premávky  |2 slo 
650 4 |a software-defined network  |2 eng 
650 4 |a visualization of network traffic  |2 eng 
650 4 |a simulation of network traffic  |2 eng 
700 1 |a Grežo, Rudolf  |u 070400  |k Z3  |4 ths  |U FIIT Fakulta informatiky a informačných technológií  |T FIIT Ústav počítačového inžinierstva a aplikovanej informatiky  |X 5805  |U I400  |Y 672  |7 A000005805 
856 4 |u http://is.stuba.sk/zp/portal_zp.pl?podrobnosti=131659 
996 |c I*BAP8/18  |l II680  |s P  |a 0  |w stuzp70363_0001